Kórházi számítógépes rendszerek automatizálási és műszerezési előfeltételeinek biztosítása automatikus légzésfunkciós vizsgálórendszer /

Elmentve itt :
Bibliográfiai részletek
Szerzők: Káldi Tamás
Pótzy Péter
Keresztély Zsolt
Testületi szerző: Számítástechnikai és kibernetikai módszerek alkalmazása az orvostudományban és a biológiában
Dokumentumtípus: Könyv része
Megjelent: 1975
Sorozat:Számítástechnikai és kibernetikai módszerek alkalmazása az orvostudományban és a biológiában 5
Kulcsszavak:Számítógép alkalmazása - orvostudomány, Automatizálás - számítógép, Légzés - élettan
Tárgyszavak:
Online Access:http://acta.bibl.u-szeged.hu/45773
LEADER 01254naa a2200253 i 4500
001 acta45773
005 20230607112503.0
008 170620s1975 hu o 1|| hun d
040 |a SZTE Egyetemi Kiadványok Repozitórium  |b hun 
041 |a hun 
100 1 |a Káldi Tamás 
245 1 0 |a Kórházi számítógépes rendszerek automatizálási és műszerezési előfeltételeinek biztosítása   |h [elektronikus dokumentum] :  |b automatikus légzésfunkciós vizsgálórendszer /  |c  Káldi Tamás 
260 |c 1975 
300 |a 75-86 
490 0 |a Számítástechnikai és kibernetikai módszerek alkalmazása az orvostudományban és a biológiában  |v 5 
650 4 |a Természettudományok 
650 4 |a Számítás- és információtudomány 
650 4 |a Orvos- és egészségtudomány 
650 4 |a Egészségtudományok 
695 |a Számítógép alkalmazása - orvostudomány, Automatizálás - számítógép, Légzés - élettan 
700 0 1 |a Pótzy Péter  |e aut 
700 0 1 |a Keresztély Zsolt  |e aut 
711 |a Számítástechnikai és kibernetikai módszerek alkalmazása az orvostudományban és a biológiában  |c Szeged  |d 1974. december 2-4. 
856 4 0 |u http://acta.bibl.u-szeged.hu/45773/1/szamtech_orvost_koll_005_075-086.pdf  |z Dokumentum-elérés